Statistiche per 7 paesi casuali sulla mappa del mondo in 15 secondi

Clicka qui per fare il quiz!

Statistiche generali

  • Questo quiz è stato fatto 297 volte
  • Il punteggio medio è 4 su 7

Risposte nella Mappa

Le risposte nella mappa del quiz sottostante sono codificate secondo una scala di colori dal rosso al verde in base alla % di persone che hanno risposto correttamente.
 

Statistiche sulle risposte

paese% Corretto
Afghanistan
100%
Albania
100%
Armenia
100%
Australia
100%
Austria
100%
Belgio
100%
Bielorussia
100%
Bosnia ed Erzegovina
100%
Brasile
100%
Bulgaria
100%
Canada
100%
Cile
100%
Comoros
100%
Corea del Sud
100%
Cuba
100%
Danimarca
100%
Emirati Arabi Uniti
100%
Etiopia
100%
Filippine
100%
Finlandia
100%
Francia
100%
Ghana
100%
Grecia
100%
Honduras
100%
India
100%
Indonesia
100%
Irlanda
100%
Islanda
100%
Italia
100%
Kazakistan
100%
Macedonia del Nord
100%
Malawi
100%
Messico
100%
Norvegia
100%
Nuova Zelanda
100%
Paraguay
100%
Regno Unito
100%
Rep Dem Congo
100%
Romania
100%
Russia
100%
Sao Tome e Principe
100%
Slovenia
100%
Somalia
100%
Spagna
100%
Stati Uniti
100%
Sudan
100%
Togo
100%
Tunisia
100%
Yemen
100%
Bahamas
67%
Libia
67%
Lituania
67%
Bhutan
50%
Ciad
50%
El Salvador
50%
Giappone
50%
Kiribati
50%
Laos
50%
Algeria
0%
Andorra
0%
Angola
0%
Antigua e Barbuda
0%
Arabia Saudita
0%
Argentina
0%
Azerbaijan
0%
Bahrain
0%
Bangladesh
0%
Barbados
0%
Belize
0%
Benin
0%
Birmania
0%
Bolivia
0%
Botswana
0%
Brunei
0%
Burkina Faso
0%
Burundi
0%
Cabo Verde
0%
Cambogia
0%
Camerun
0%
Cechia
0%
Cina
0%
Cipro
0%
Città del Vaticano
0%
Colombia
0%
Congo
0%
Corea del Nord
0%
Costa Rica
0%
Côte d'Ivoire
0%
Croazia
0%
Dominica
0%
Ecuador
0%
Egitto
0%
Eritrea
0%
Estonia
0%
Figi
0%
Gabon
0%
Gambia
0%
Georgia
0%
Germania
0%
Giamaica
0%
Gibuti
0%
Giordania
0%
Grenada
0%
Guatemala
0%
Guinea
0%
Guinea-Bissau
0%
Guinea Equatoriale
0%
Guyana
0%
Haiti
0%
Iran
0%
Iraq
0%
Isole Marshall
0%
Isole Salomone
0%
Israele
0%
Kenya
0%
Kirghizistan
0%
Kosovo
0%
Kuwait
0%
Lesotho
0%
Lettonia
0%
Libano
0%
Liberia
0%
Liechtenstein
0%
Lussemburgo
0%
Madagascar
0%
Maldive
0%
Malesia
0%
Mali
0%
Malta
0%
Marocco
0%
Mauritania
0%
Mauritius
0%
Micronesia
0%
Moldavia
0%
Monaco
0%
Mongolia
0%
Montenegro
0%
Mozambico
0%
Namibia
0%
Nauru
0%
Nepal
0%
Nicaragua
0%
Niger
0%
Nigeria
0%
Oman
0%
Paesi Bassi
0%
Pakistan
0%
Palau
0%
Panama
0%
Papua Nuova Guinea
0%
Perù
0%
Polonia
0%
Portogallo
0%
Qatar
0%
Repubblica Centrafricana
0%
Repubblica Dominicana
0%
Ruanda
0%
Saint Kitts e Nevis
0%
Saint Vincent e Grenadine
0%
Samoa
0%
San Marino
0%
Santa Lucia
0%
Senegal
0%
Serbia
0%
Seychelles
0%
Sierra Leone
0%
Singapore
0%
Siria
0%
Slovacchia
0%
Sri Lanka
0%
Sudafrica
0%
Sud Sudan
0%
Suriname
0%
Svezia
0%
Svizzera
0%
Swaziland
0%
Tagikistan
0%
Taiwan
0%
Tanzania
0%
Thailandia
0%
Timor-Leste
0%
Tonga
0%
Trinidad e Tobago
0%
Turchia
0%
Turkmenistan
0%
Tuvalu
0%
Ucraina
0%
Uganda
0%
Ungheria
0%
Uruguay
0%
Uzbekistan
0%
Vanuatu
0%
Venezuela
0%
Vietnam
0%
Zambia
0%
Zimbabwe
0%

Distribuzione punteggi

Percentile per numero di risposta

Percentuale di utenti per punteggio

I tuoi punteggi nel tempo

Non hai fatto questo quiz